Tejido con lana cruda /

Guardado en:
Autor Principal: Ancalao, Liliana.
Formato: Libro
Idioma:Undetermined
Publicado: Buenos Aires : El Suri Porfiado, 2021.
Materias:
Etiquetas: Agregar Etiqueta
Sin Etiquetas, Sea el primero en etiquetar este registro!
LEADER 01440nam a22002655a 4500
001 CEM.cems019006
008 211102s2021####ag############000#0#und#d
005 20211109160411.0
003 CEMS
245 1 0 |a Tejido con lana cruda /  |c Liliana Ancalao. 
260 |a Buenos Aires :  |b El Suri Porfiado,  |c 2021. 
300 |a 48 p. 
500 |a Edición para Ministerio de Educación de la Nación Argentina. 
505 0 |a Al mate -- Yo he visto a los chulengos -- Mudanza -- Oración para esperar el colectivo -- Solicitud de desamparo -- Tahúres -- Pregunta -- Dios agarra un día -- Un hombe -- Detrás de los párpados -- Poemas del mameluco -- Infancia -- Poema para Mirta enamorada de un correntino -- A la memoria de mi hermana María Eugenia -- Abrazo -- Amigo -- De amor -- Con anteojos -- Borrachera -- Hijas -- Esta voz -- La tierra late un tambor -- Caleuche -- Inakayal taiñ üngum nefiel mew -- Esperando a Inakayal -- El potro y el agua -- A una cerámica mapuche 
020 |a 9789874409928 
100 1 |a Ancalao, Liliana. 
653 |a Literatura 
653 |a Literatura Argentina 
653 |a Literatura Mapuche 
653 |a Poesía Mapuche 
653 |a Poesía 
653 |a Colección Leer Abre Mundos 
859 |a CEMS  |b BIB. CEMS - Agricultura  |h A861.4  |i An21  |p A3345.21  |t Ej.1 
859 |a CEMS  |b BIB. CEMS - 11 de abril  |h A861.4  |i An21-1  |p 29129.21  |t Ej. 1 
859 |a CEMS  |b BIB. CEMS - 11 de abril  |h A861.4  |i An21-1  |p 29178.21  |t Ej. 2